000
00255nam a2200097Ia 4500
001
642218
005
20250826153522.0
008
250824s9999 xx 000 0 und d
245
0
_a
LEVENT KORKUSUZ KURTARICI
_c
MUSTAFA ORAKÇI
260
_b
TİMAŞ ÇOCUK
999
_c
642218
_d
642218